Polscy Medaliści Igrzysk Olimpijskich Ateny 2004 - Statystyki

Ogólne statystyki
  • Ten quiz został rozwiązany 21 razy
  • Średni wynik to 6 z 12
Statystyki odpowiedzi
Wskazówka Odpowiedź % Poprawnych
Złoto Robert Korzeniowski
95%
Złoto Otylia Jędrzejczak
86%
Srebro Otylia Jędrzejczak
86%
Srebro Otylia Jędrzejczak
86%
Brąz Anna Rogowska
52%
Złoto Robert Sycz
48%
Złoto Tomasz Kucharski
48%
Brąz Agata Wróbel
38%
Brąz Mateusz Kusznierewicz
29%
Brąz Sylwia Gruchała
29%
Brąz Aneta Pastuszka
19%
Brąz Beata Sokołowska-Kulesza
10%
Nie znaleziono quizów pasujących do podanych kryteriów
Rozkład punktacji
Procent ludzi z każdym wynikiem
Percentyl według liczby udzielonych odpowiedzi
Twoja historia wyników
Nie rozwiązałeś tego quizu